| 000 | 01512nam a2200361 i 4500 | ||
|---|---|---|---|
| 003 | EG-ScBUE | ||
| 005 | 20240212141802.0 | ||
| 008 | 170618s2005 ua a f b 000 0dara d | ||
| 017 | _a2005 / 4300 | ||
| 020 | _a9772085127 | ||
| 040 |
_aEG-ScBUE _bara _erda _cEG-ScBUE _dEG-ScBUE |
||
| 043 | _af-ua--- | ||
| 082 | 0 | 4 |
_a962.03 _bق ر ق _222 |
| 100 | 1 |
_aقرقوط، ذوقان، _d1922- _eمؤلف. _941805 |
|
| 245 | 1 | 0 |
_aالأسطورة والحقيقة في التاريخ العربي الحديث : _bمحمد علي وجمال عبد الناصر : الضد يظهر حسنه الضد / _cدكتور ذوقان قرقوط. |
| 250 | _aالطبعة الأولى. | ||
| 264 | 1 |
_aالقاهرة : _bمكتبة مدبولي، _c2005. |
|
| 300 |
_a418 صفحة : _bإيضاحيات ؛ _c24 سم |
||
| 336 |
_2rdacontent _aنص _btxt |
||
| 337 |
_aبدون وسيط _2rdamedia _bn |
||
| 338 |
_aمجلد _bnc _2rdacarrier |
||
| 504 | _aيشتمل على إرجاعات ببليوجرافية. | ||
| 541 | _aإهداء من ا. محمد فريد خميس. | ||
| 590 | _aWessam | ||
| 600 | 0 | 7 |
_2BUEsh _aمحمد علي باشا، _cحاكم مصر، _d1769-1849. |
| 600 | 0 | 7 |
_2BUEsh _aعبد الناصر، جمال، _d1918-1970. |
| 650 | _2BUEsh | ||
| 651 | 7 |
_aمصر _xتاريخ _yجمال عبد الناصر، 1954-1970. _2BUEsh _913382 |
|
| 651 | 7 |
_aمصر _xتاريخ _yمحمد علي، 1805-1849. _2BUEsh _915361 |
|
| 653 |
_bBUSBOL _bGGEN _cJune2017 |
||
| 655 | _vReading book | ||
| 942 | _2ddc | ||
| 999 |
_c24915 _d24887 |
||